LEADER 01102nam a2200277 i 4500 001 000000166240 003 CaOOAMICUS 005 20071107000000.0 008 071107s2006 it u000 u ita u 013 $a143608 020 $a88-452-4346-X 040 $aSeMil$bita 100 1 $aCoelho, Paulo,$d<1947- >.$0(OLS)http://semarc/name/46862 240 10$aO Monte Cinco.$0(OLS)http://semarc/title/237456 245 10$aMonte Cinque /$cPaulo Coelho ; [traduzione di Rita Desti]. 260 $aMilano :$bTascabili Bompiani,$c2006. 300 $a241 p. ;$c19 cm. 490 0 $aTascabili Bompiani ;$v662. 700 1 $aDesti, Rita.$0(OLS)http://semarc/name/42338 830 0$aTascabili Bompiani ;$v662.$0(OLS)http://semarc/title/7395 850 $aSeMil 852 $aSeMil$W1$xVenegono$y1$m1O II 20$j117411$B117411$CSeMilBibl$Z2$F128673 $81 961 $aOmaggio: Ghiringhelli prof. Livio 996 $6020$a88-452-4346-X$9(OLS)http://semarc/number/152736 996 $6245$aMonte Cinque$9(OLS)http://semarc/title/237455 996 $6260$aMilano :$bTascabili Bompiani$9(OLS)http://semarc/publisher/32847 LEADER 01229nam a2200241 i 4500 001 000000117077 003 CaOOAMICUS 005 20030711000000.0 008 030711s1922 it u000 u ita u 013 $a89766 040 $aSeMil$bita 245 13$aLa serva di Dio Madre Maria di Gesł Deluil-Martiny :$bfondatrice della Societą delle Figlie del Cuore di Gesł e la sua opera. 250 $a5. ed. italiana seguita da un'Appendice. 260 $aMilano :$bTip. Pontificia e Arcivescovile S. Giuseppe,$cimprimatur 1922. 300 $aXIII, 82 p., [1] c. di ritr. ;$c19 cm. 500 $aContiene : [2] Appendici. - In mezzo al front. : 33. migliaio. - Fondo Card. C.M. Martini. 650 4$aDeluil-Martiny, Maria .$0(OLS)http://semarc/subject/21638 850 $aSeMil 852 $aSeMil$W1$xVenegono$y1$m3J I 44$j72477$B72477$CSeMilBibl$Z2$F85907 $81 941 1 $a4 961 $aOmaggio: Martini Card. Carlo Maria 996 $6245$aLa serva di Dio Madre Maria di Gesł Deluil-Martiny :$bfondatrice della Societą delle Figlie del Cuore di Gesł e la sua opera$9(OLS)http://semarc/title/171808 996 $6260$aMilano :$bTip. Pontificia e Arcivescovile S. Giuseppe$9(OLS)http://semarc/publisher/37567